| 000 | 00830nam a22002292 4500 | ||
|---|---|---|---|
| 001 | 0000003821 | ||
| 005 | 20151217151935.0 | ||
| 008 | 070515s xx 000 0 eng d | ||
| 020 |
_a0521448107 : _cGBP 29.00 |
||
| 040 |
_aKABU _cKABU |
||
| 050 | 0 |
_aQC718 _b.S78 |
|
| 100 | 1 |
_aSturrock, Peter A. _@0000154009 |
|
| 245 | 1 | 0 |
_aPlasma physics : _ban introduction to the theory of astrophysical, geophysical, and laboratory plasmas / _cPeter A. Sturrock. |
| 260 |
_aCambridge : _bCambridge University Press, _c1994. |
||
| 300 |
_axii, 335 p. : _bill. ; _c25 cm. |
||
| 504 | _aIncludes bibliographical references (p. 325-328) and index. | ||
| 650 | 0 |
_aPlasma (Ionized gases) _@0000067790 |
|
| 908 | _a070515 | ||
| 950 | _@1 | ||
| 999 |
_c6546 _d6546 |
||